000 00301nam a22001337a 4500
008 171016b xxu||||| |||| 00| 0 eng d
020 _a9780072877472
041 _aeng
080 _25 ED
_a33
100 _a52
101 _aECO
245 _aESSENTIALS ECONOMICS
_cSCHILLLERR.B.R
942 _2udc
_cBK
999 _c33991
_d33991